[Event "Bayern-ch Seniors 20th"]
[Site "Bergen"]
[Date "2008.06.14"]
[Round "8.28"]
[White "Rabitzsch, Manfred"]
[Black "Sanna, Giuseppe"]
[Result "1/2-1/2"]
[WhiteElo "1663"]
[BlackElo "1577"]
[PlyCount "32"]
[EventDate "2008.06.07"]
[EventType "swiss"]
[EventRounds "9"]
[EventCountry "GER"]
[SourceTitle "EXT 2022"]
[Source "ChessBase"]
[SourceDate "2021.10.06"]
[SourceVersion "1"]
[SourceVersionDate "2021.10.06"]
[SourceQuality "1"]

1. c4 Nf6 2. d4 d6 3. Nc3 Bf5 4. e3 Nbd7 5. h3 e5 6. Bd3 Bxd3 7. Qxd3 c6 8. Nge2 Qc7 9. b3 Be7 10. 0-0 0-0 11. Ng3 Rfe8 12. Bb2 Bf8 13. Rac1 Rad8 14. Nce4 g6 15. Rfd1 Bg7 16. Nxf6+ Nxf6 1/2-1/2

[Event "Bayern-ch Seniors 20th"]
[Site "Bergen"]
[Date "2008.06.13"]
[Round "7.19"]
[White "Hein, Manfred"]
[Black "Rabitzsch, Manfred"]
[Result "1-0"]
[WhiteElo "1936"]
[BlackElo "1663"]
[PlyCount "69"]
[EventDate "2008.06.07"]
[EventType "swiss"]
[EventRounds "9"]
[EventCountry "GER"]
[SourceTitle "EXT 2022"]
[Source "ChessBase"]
[SourceDate "2021.10.06"]
[SourceVersion "1"]
[SourceVersionDate "2021.10.06"]
[SourceQuality "1"]

1. e4 e5 2. Nf3 d6 3. d4 exd4 4. Nxd4 Nf6 5. Nc3 a6 6. a4 Bd7 7. Bc4 Nc6 8. 0-0 Be7 9. Re1 0-0 10. h3 h6 11. Be3 Ne5 12. Bf1 c5 13. Nde2 Bc6 14. Ng3 Bd7 15. f4 Nc6 16. Qd2 Ne8 17. Rad1 Bh4 18. Bf2 Nd4 19. Kh2 Bf6 20. b3 Be6 21. Nce2 Nxe2 22. Bxe2 Qc7 23. Nh5 Qe7 24. Nxf6+ Qxf6 25. c4 b6 26. Bf3 Ra7 27. g4 Bc8 28. Bg3 Rd7 29. Re3 Qd8 30. Rd3 f6 31. e5 fxe5 32. fxe5 Rdf7 33. Bd5 dxe5 34. Bxf7+ Kxf7 35. Rxd8 1-0

[Event "Bayern-ch Seniors 20th"]
[Site "Bergen"]
[Date "2008.06.08"]
[Round "2.32"]
[White "Rabitzsch, Manfred"]
[Black "Moderegger, Ludwig"]
[Result "1/2-1/2"]
[WhiteElo "1663"]
[BlackElo "1523"]
[PlyCount "62"]
[EventDate "2008.06.07"]
[EventType "swiss"]
[EventRounds "9"]
[EventCountry "GER"]
[SourceTitle "EXT 2022"]
[Source "ChessBase"]
[SourceDate "2021.10.06"]
[SourceVersion "1"]
[SourceVersionDate "2021.10.06"]
[SourceQuality "1"]

1. d4 Nf6 2. c4 e6 3. Nc3 Bb4 4. Bd2 0-0 5. e3 Nc6 6. Nf3 Ne7 7. Bd3 b6 8. a3 Bxc3 9. Bxc3 Bb7 10. Qe2 d5 11. Bb4 Re8 12. Rc1 Rc8 13. c5 a5 14. Bd2 Ne4 15. 0-0 Ng6 16. b4 axb4 17. c6 Ba8 18. axb4 f5 19. b5 Qd6 20. Rb1 h6 21. Bb4 Qd8 22. g3 Kh7 23. Rfd1 Qf6 24. Qb2 Nh8 25. Kg2 g5 26. Ne5 Ng6 27. f3 Nd6 28. f4 Ne4 29. Rf1 g4 30. Rh1 Rg8 31. Bd2 Qg7 1/2-1/2

[Event "Bayern-ch Seniors 19th"]
[Site "Schloss Schney"]
[Date "2007.06.20"]
[Round "9"]
[White "Rabitzsch, Manfred"]
[Black "Aigner, Georg"]
[Result "0-1"]
[WhiteElo "1622"]
[BlackElo "1893"]
[PlyCount "78"]
[EventDate "2007.06.12"]
[EventType "swiss"]
[EventRounds "9"]
[EventCountry "GER"]
[SourceTitle "EXT 2008"]
[Source "ChessBase"]
[SourceDate "2007.11.25"]
[SourceVersion "1"]
[SourceVersionDate "2007.11.25"]
[SourceQuality "1"]

1. Nf3 d5 2. d4 Nf6 3. e3 e6 4. c4 c6 5. Nc3 Bd6 6. Bd3 Nbd7 7. cxd5 exd5 8. Qc2 0-0 9. 0-0 Re8 10. e4 dxe4 11. Nxe4 Nxe4 12. Bxe4 Nf6 13. Bf5 Nd5 14. Bxc8 Rxc8 15. Bd2 Re7 16. Rae1 Rcc7 17. Rxe7 Rxe7 18. Re1 Rxe1+ 19. Bxe1 Qe7 20. a3 Nf4 21. Qd1 Qe6 22. h3 Qg6 23. Nh4 Qe4 24. f3 Qe2 25. Qxe2 Nxe2+ 26. Kf1 Nxd4 27. Bf2 Be5 28. Bxd4 Bxd4 29. b3 g6 30. g4 Kg7 31. Ke2 Kf6 32. Kd3 Bb2 33. a4 Ke5 34. Ng2 Bc1 35. Kc2 Bf4 36. Kd3 f5 37. Kc4 Bg3 38. Kd3 fxg4 39. fxg4 b6 0-1

[Event "Bayern-ch Seniors 19th"]
[Site "Schloss Schney"]
[Date "2007.06.13"]
[Round "2"]
[White "Rabitzsch, Manfred"]
[Black "Bungter, Hans"]
[Result "1-0"]
[WhiteElo "1622"]
[BlackElo "1637"]
[PlyCount "69"]
[EventDate "2007.06.12"]
[EventType "swiss"]
[EventRounds "9"]
[EventCountry "GER"]
[SourceTitle "EXT 2008"]
[Source "ChessBase"]
[SourceDate "2007.11.25"]
[SourceVersion "1"]
[SourceVersionDate "2007.11.25"]
[SourceQuality "1"]

1. e4 c5 2. Nf3 d6 3. d4 cxd4 4. Nxd4 Nf6 5. Nc3 a6 6. Bc4 e6 7. 0-0 Nbd7 8. Be3 Nc5 9. f3 b5 10. Bb3 Be7 11. Nc6 Qc7 12. Nxe7 Qxe7 13. Ne2 Nxb3 14. axb3 d5 15. e5 Nd7 16. Bd4 0-0 17. Nc3 Bb7 18. Qd2 Rac8 19. Rac1 Nb8 20. Qe3 Nd7 21. Rfe1 Rc7 22. Ne2 Rfc8 23. c3 Nc5 24. Bxc5 Qxc5 25. Qxc5 Rxc5 26. b4 R5c7 27. Nd4 Kf8 28. Kf2 Ke7 29. Ke3 f6 30. Kd2 f5 31. f4 Rc4 32. g3 h6 33. h4 Ra8 34. Ra1 Bc8 35. Nxb5 1-0

[Event "Niedersachsen-ch Seniors op 09th"]
[Site "Bad Bevensen"]
[Date "2006.07.02"]
[Round "9"]
[White "Schumacher, Horst"]
[Black "Rabitzsch, Manfred"]
[Result "1-0"]
[WhiteElo "1698"]
[BlackElo "1640"]
[PlyCount "52"]
[EventDate "2006.06.24"]
[EventType "swiss"]
[EventRounds "9"]
[EventCountry "GER"]
[SourceTitle "EXT 2022"]
[Source "ChessBase"]
[SourceDate "2021.10.06"]
[SourceVersion "1"]
[SourceVersionDate "2021.10.06"]
[SourceQuality "1"]

1. d4 d5 2. e4 dxe4 3. Nc3 Nf6 4. f3 exf3 5. Nxf3 e6 6. Bg5 Be7 7. Bd3 b6 8. 0-0 Bb7 9. Kh1 Nd5 10. Bxe7 Nxe7 11. Ne5 f5 12. Ne2 Nd5 13. Nf4 Nxf4 14. Rxf4 Qg5 15. Rf2 0-0 16. c3 Nc6 17. Nf3 Qh6 18. Qc2 Rae8 19. Re1 Kh8 20. Rfe2 Nd8 21. Bxf5 Bxf3 22. gxf3 Qh5 23. Bg4 Qd5 24. Re5 Qc6 25. Rh5 g6 26. Qxg6 Re7 1-0

[Event "Niedersachsen-ch Seniors op 09th"]
[Site "Bad Bevensen"]
[Date "2006.06.26"]
[Round "3"]
[White "Rychlik, Kurt"]
[Black "Rabitzsch, Manfred"]
[Result "1-0"]
[WhiteElo "1857"]
[BlackElo "1640"]
[PlyCount "41"]
[EventDate "2006.06.24"]
[EventType "swiss"]
[EventRounds "9"]
[EventCountry "GER"]
[SourceTitle "EXT 2022"]
[Source "ChessBase"]
[SourceDate "2021.10.06"]
[SourceVersion "1"]
[SourceVersionDate "2021.10.06"]
[SourceQuality "1"]

1. d4 Nf6 2. c4 g6 3. Nc3 c6 4. e4 d6 5. Be2 Bg7 6. Bg5 Qc7 7. Qd2 h6 8. Bh4 Bg4 9. Bxf6 Bxf6 10. Bxg4 Nd7 11. f4 Bg7 12. Nf3 a6 13. 0-0 Rd8 14. Rad1 Nf6 15. Bh3 0-0 16. g4 Nd7 17. g5 Nb6 18. b3 e6 19. f5 exf5 20. exf5 h5 21. Qd3 1-0

[Event "Niedersachsen-ch Seniors op 09th"]
[Site "Bad Bevensen"]
[Date "2006.06.24"]
[Round "2"]
[White "Rabitzsch, Manfred"]
[Black "Traeger, Margarete"]
[Result "1-0"]
[WhiteElo "1640"]
[BlackElo "1241"]
[PlyCount "69"]
[EventDate "2006.06.24"]
[EventType "swiss"]
[EventRounds "9"]
[EventCountry "GER"]
[SourceTitle "EXT 2022"]
[Source "ChessBase"]
[SourceDate "2021.10.06"]
[SourceVersion "1"]
[SourceVersionDate "2021.10.06"]
[SourceQuality "1"]

1. e4 e5 2. Nf3 d6 3. d4 exd4 4. Nxd4 Be7 5. Nc3 h6 6. Bc4 Nf6 7. a3 c5 8. Nf3 0-0 9. 0-0 Nbd7 10. Re1 Nb6 11. Bd5 Rb8 12. Bf4 a6 13. h3 Be6 14. Rb1 Bxd5 15. Nxd5 Nbxd5 16. exd5 Nh7 17. c4 Qd7 18. Qd3 Bf6 19. b4 b6 20. b5 a5 21. Re2 Rfe8 22. Rbe1 Be7 23. Nd2 Bf6 24. Kf1 Bg5 25. Rxe8+ Rxe8 26. Rxe8+ Qxe8 27. Bxd6 Bxd2 28. Qxd2 Nf6 29. f3 Qd8 30. Qf4 Nh5 31. Qe5 Nf6 32. Be7 Qe8 33. Bxf6 Qxe5 34. Bxe5 Kf8 35. Bc7 1-0

[Event "Bayern-ch Seniors 16th"]
[Site "Schloss Schney"]
[Date "2004.06.08"]
[Round "3"]
[White "Gudat, Alfons"]
[Black "Rabitzsch, Manfred"]
[Result "1-0"]
[WhiteElo "1939"]
[BlackElo "1681"]
[PlyCount "120"]
[EventDate "2004.06.06"]
[EventType "swiss"]
[EventRounds "9"]
[EventCountry "GER"]
[SourceTitle "EXT 2006"]
[Source "ChessBase"]
[SourceDate "2005.11.24"]
[SourceVersion "1"]
[SourceVersionDate "2005.11.24"]
[SourceQuality "1"]

1. e4 c5 2. Nf3 d6 3. Bb5+ Bd7 4. a4 a6 5. Bc4 e6 6. 0-0 Be7 7. c3 Qc7 8. Qe2 Nc6 9. d3 Bf6 10. Nbd2 Nge7 11. Re1 0-0 12. Nf1 Na5 13. Ba2 b5 14. axb5 axb5 15. Bf4 e5 16. Bd2 Nac6 17. Ng3 Ng6 18. Bg5 Bxg5 19. Nxg5 Nf4 20. Qe3 h6 21. Bxf7+ Rxf7 22. Rxa8+ Rf8 23. Rxf8+ Kxf8 24. Nf3 b4 25. Nf5 Kf7 26. g3 Ng6 27. d4 bxc3 28. bxc3 Bxf5 29. exf5 Nge7 30. dxc5 Nxf5 31. cxd6 Qxd6 32. Qe4 Kf6 33. g4 Nfe7 34. h4 Qd5 35. Qxd5 Nxd5 36. c4 Nf4 37. Ra1 Ke6 38. Ra6 Kd7 39. Ra8 Kd6 40. Nd2 Ke7 41. Ne4 Nd4 42. Ra7+ Kf8 43. Kh2 Ng6 44. Kg3 Ne2+ 45. Kf3 Nd4+ 46. Ke3 Nxh4 47. Kd3 Nhf3 48. c5 Ne6 49. Rc7 Nfd4 50. Kc4 Nd8 51. Nd6 N8e6 52. Ra7 Nc6 53. Ra8+ Ke7 54. Nf5+ Kf6 55. Ra6 Ncd8 56. c6 Nc7 57. Ra7 Nde6 58. Ne3 Ke7 59. Nd5+ Kd6 60. Nxc7 Nxc7 1-0

[Event "Bayern-ch Seniors 15th"]
[Site "Schloss Schney"]
[Date "2003.06.20"]
[Round "8.15"]
[White "Krafzik, Joachim"]
[Black "Rabitzsch, Manfred"]
[Result "1-0"]
[WhiteElo "1910"]
[BlackElo "1680"]
[PlyCount "101"]
[EventDate "2003.06.13"]
[EventType "swiss"]
[EventRounds "9"]
[EventCountry "GER"]
[SourceTitle "EXT 2004"]
[Source "ChessBase"]
[SourceDate "2003.11.25"]
[SourceVersion "1"]
[SourceVersionDate "2003.11.25"]
[SourceQuality "1"]

1. b4 e5 2. Bb2 d6 3. e3 Be6 4. Nf3 Nf6 5. Be2 Be7 6. c4 Bf5 7. d4 exd4 8. Nxd4 Bg6 9. b5 0-0 10. 0-0 c6 11. Nc3 c5 12. Nb3 Nbd7 13. Nd2 h6 14. e4 Nb6 15. a4 a5 16. f4 Nfd7 17. f5 Bh7 18. Nf3 Qc7 19. Qc2 Bf6 20. Rfe1 Ne5 21. Nxe5 Bxe5 22. Nd5 Nxd5 23. cxd5 b6 24. Bxe5 dxe5 25. Bc4 Qd6 26. Qd2 Rad8 27. Ra3 f6 28. g4 Kf7 29. h4 Rh8 30. Rg3 Ke8 31. Re2 Rd7 32. Reg2 Kf8 33. Qe3 Qe7 34. g5 fxg5 35. hxg5 hxg5 36. Rxg5 Bg8 37. Qg3 Rh6 38. Rg6 Rxg6 39. fxg6 Rd6 40. Qh3 Qe8 41. Qh5 Rf6 42. Rg5 Re6 43. Rf5+ Rf6 44. Rxf6+ gxf6 45. Qh6+ Ke7 46. Qg7+ Kd8 47. Qxf6+ Kc8 48. Qc6+ Qxc6 49. bxc6 Kd8 50. Kf2 Ke8 51. Kg3 1-0

[Event "Bayern-ch Seniors 15th"]
[Site "Schloss Schney"]
[Date "2003.06.14"]
[Round "2.20"]
[White "Grueneschild, Hildegard"]
[Black "Rabitzsch, Manfred"]
[Result "1/2-1/2"]
[WhiteElo "1486"]
[BlackElo "1680"]
[PlyCount "56"]
[EventDate "2003.06.13"]
[EventType "swiss"]
[EventRounds "9"]
[EventCountry "GER"]
[SourceTitle "EXT 2004"]
[Source "ChessBase"]
[SourceDate "2003.11.25"]
[SourceVersion "1"]
[SourceVersionDate "2003.11.25"]
[SourceQuality "1"]

1. c4 e5 2. Nc3 Nc6 3. g3 d6 4. Bg2 Nf6 5. d3 Be7 6. Nf3 h6 7. 0-0 0-0 8. h3 Be6 9. Kh2 Rb8 10. e4 a6 11. Nd5 Nh7 12. Nxe7+ Nxe7 13. Be3 c5 14. Qc2 f5 15. exf5 Nxf5 16. Bd2 Qd7 17. Bc3 Nf6 18. g4 Nd4 19. Bxd4 cxd4 20. Ng1 g5 21. c5 Rfc8 22. b4 Nd5 23. Bxd5 Bxd5 24. Rac1 dxc5 25. bxc5 b6 26. Qe2 bxc5 27. Qxe5 Qc7 28. Qxc7 Rxc7 1/2-1/2

[Event "Bayern-ch Seniors 15th"]
[Site "Schloss Schney"]
[Date "2003.06.13"]
[Round "1.4"]
[White "Rabitzsch, Manfred"]
[Black "Schmidt, Gerhard3"]
[Result "0-1"]
[WhiteElo "1680"]
[BlackElo "2168"]
[PlyCount "78"]
[EventDate "2003.06.13"]
[EventType "swiss"]
[EventRounds "9"]
[EventCountry "GER"]
[SourceTitle "EXT 2004"]
[Source "ChessBase"]
[SourceDate "2003.11.25"]
[SourceVersion "1"]
[SourceVersionDate "2003.11.25"]
[SourceQuality "1"]

1. d4 d5 2. c4 e6 3. Nc3 Nf6 4. Nf3 Be7 5. e3 0-0 6. Bd3 b6 7. 0-0 Bb7 8. a3 c5 9. Qe2 Nc6 10. Rd1 cxd4 11. exd4 Na5 12. Be3 dxc4 13. Bc2 Rc8 14. Bf4 Nd5 15. Bg3 Nxc3 16. bxc3 Qd5 17. Re1 Rfe8 18. Be4 Qxe4 19. Qxe4 Bxe4 20. Rxe4 Red8 21. a4 Bf6 22. Be5 Bxe5 23. Rxe5 Nc6 24. Ree1 Rd5 25. Kf1 Kf8 26. Re2 Ra5 27. Rea2 Ne7 28. Ke2 f6 29. Ra3 g5 30. g3 Kf7 31. Rb1 g4 32. Nd2 e5 33. Rb5 exd4 34. cxd4 Rxb5 35. axb5 Nf5 36. Rxa7+ Ke6 37. Rb7 Nxd4+ 38. Kd1 c3 39. Rxb6+ Kd5 0-1

[Event "Bayern-ch Seniors 14th"]
[Site "Schloss Schney"]
[Date "2002.06.06"]
[Round "7"]
[White "Rabitzsch, Manfred"]
[Black "Braeu, Ludwig"]
[Result "0-1"]
[WhiteElo "1714"]
[BlackElo "1852"]
[PlyCount "106"]
[EventDate "2002.05.31"]
[EventType "swiss"]
[EventRounds "9"]
[EventCountry "GER"]
[SourceTitle "EXT 2003"]
[Source "ChessBase"]
[SourceDate "2002.11.25"]
[SourceVersion "1"]
[SourceVersionDate "2002.11.25"]
[SourceQuality "1"]

1. e4 c5 2. Nf3 Nc6 3. d4 cxd4 4. Nxd4 g6 5. c3 Bg7 6. Nxc6 bxc6 7. Bc4 d6 8. Be3 Nf6 9. f3 0-0 10. 0-0 Qc7 11. Qc2 Rd8 12. Bb3 d5 13. Nd2 Qa5 14. Rad1 Ba6 15. Rfe1 e6 16. Ba4 c5 17. e5 Nd7 18. Bxd7 Rxd7 19. Nb3 Qa4 20. Bxc5 Rc8 21. Bd4 Bc4 22. Rd2 Qxa2 23. Nc5 Rdc7 24. Nd3 Bb3 25. Nc1 Bxc2 26. Nxa2 Bb3 27. Ra1 Bh6 28. Rf2 Rc4 29. Nc1 Bxc1 30. Rxc1 Rxd4 31. Ra1 Rd1+ 32. Rf1 Rxf1+ 33. Kxf1 Bc4+ 34. Ke1 a6 35. Kd2 Rc6 36. Ke3 g5 37. g3 f6 38. f4 Kg7 39. Kd4 Kg6 40. Rg1 Kf5 41. exf6 Kxf6 42. fxg5+ Kxg5 43. Rg2 Bf1 44. Rf2 Rc4+ 45. Ke3 Re4+ 46. Kd2 Bc4 47. h3 e5 48. Kd1 d4 49. Kd2 Re3 50. cxd4 exd4 51. h4+ Kg6 52. g4 Re5 53. Rg2 Bd5 0-1

[Event "Bayern-ch Seniors 12th"]
[Site "Schloss Schney"]
[Date "2000.??.??"]
[Round "5"]
[White "Rabitzsch, Manfred"]
[Black "Schurig, Wilhelm"]
[Result "0-1"]
[WhiteElo "1734"]
[BlackElo "2125"]
[PlyCount "84"]
[EventDate "2000.11.02"]
[EventType "swiss"]
[EventRounds "9"]
[EventCountry "GER"]
[SourceTitle "EXT 2002"]
[Source "ChessBase"]
[SourceDate "2001.11.25"]
[SourceVersion "1"]
[SourceVersionDate "2001.11.25"]
[SourceQuality "1"]

1. d4 g6 2. c4 Bg7 3. Nc3 c5 4. Nf3 cxd4 5. Nxd4 Nc6 6. e3 Nf6 7. Nxc6 bxc6 8. Qc2 0-0 9. Be2 d6 10. 0-0 Nd7 11. b3 Nc5 12. Bb2 Bf5 13. Qc1 Rb8 14. Nd1 e5 15. f3 Bh6 16. Qc3 Bg7 17. e4 Bd7 18. Bc1 Ne6 19. Be3 Nd4 20. Bd3 f5 21. Bxd4 exd4 22. Qd2 Qh4 23. g3 Qf6 24. Rb1 c5 25. Qg2 Bh6 26. Qe2 Rbe8 27. Nf2 Be3 28. Kg2 Bc6 29. Rbe1 Bxf2 30. Rxf2 fxe4 31. fxe4 Qxf2+ 32. Qxf2 Rxf2+ 33. Kxf2 Kf7 34. h4 Kf6 35. Kf3 Ke5 36. Re2 h6 37. Re1 Bd7 38. Kg2 Rf8 39. Rf1 Rxf1 40. Kxf1 Bc6 41. Ke2 Bxe4 42. a3 a5 0-1